[Event "Montreal op"]
[Site "Montreal CAN"]
[Date "1988.09.03"]
[Round "1"]
[White "Charest, Johanne"]
[Black "Debbagh, Issam"]
[Result "0-1"]
[WhiteElo "1355"]
[BlackElo "1501"]
[PlyCount "99"]
[GameId "2160767912520390"]
[EventDate "1988.09.03"]
[EventType "swiss"]
[EventRounds "6"]
[EventCountry "CAN"]
[SourceTitle "EXT 2022"]
[Source "ChessBase"]
[SourceDate "2021.10.06"]
[SourceVersion "1"]
[SourceVersionDate "2021.10.06"]
[SourceQuality "1"]

1. e4 c6 2. d4 d5 3. e5 Bf5 4. Bd3 Bxd3 5. Qxd3 e6 6. Nf3 Nd7 7. Nbd2 c5 8. c3 Ne7 9. O-O Ng6 10. Re1 Be7 11. Nf1 Rc8 12. Ng3 cxd4 13. Nxd4 Ngxe5 14. Qd1 O-O 15. Nh5 Ng6 16. Qg4 Nf6 17. Nxf6+ Bxf6 18. Bd2 Qb6 19. Nb3 Ne5 20. Qg3 Nc4 21. Be3 Nxe3 22. Rxe3 Rfd8 23. Rf3 Qd6 24. Qg4 Rc4 25. Nd4 e5 26. b3 Rc5 27. Nc2 e4 28. Rh3 Rxc3 29. Rxc3 Bxc3 30. Ne3 Bxa1 31. Qg3 Qf6 32. Qg4 g6 33. Qd1 Qd4 34. Qg4 Qc3 35. g3 Qe1+ 36. Kg2 Bd4 37. Qg5 f6 38. Qg4 Bxe3 39. Qe6+ Kg7 40. fxe3 Qa5 41. Qe7+ Kh6 42. Qxf6 Qc7 43. g4 Qd6 44. g5+ Kh5 45. Qg7 Kxg5 46. h4+ Kg4 47. Qh6 Qg3+ 48. Kf1 Qf3+ 49. Ke1 Qh1+ 50. Kf2 0-1

[Event "Montreal op"]
[Site "Montreal CAN"]
[Date "1988.09.03"]
[Round "1"]
[White "Grondin, Jean-Philippe"]
[Black "Morin, Louis"]
[Result "1/2-1/2"]
[WhiteElo "1730"]
[BlackElo "2016"]
[PlyCount "99"]
[GameId "2160767912520392"]
[EventDate "1988.09.03"]
[EventType "swiss"]
[EventRounds "6"]
[EventCountry "CAN"]
[SourceTitle "hb 2013"]

1. Nf3 Nf6 2. g3 d5 3. Bg2 c5 4. O-O Nc6 5. d4 e6 6. c4 Be7 7. Nc3 O-O 8. cxd5 exd5 9. b3 Re8 10. h3 Bf5 11. Bb2 Rc8 12. Rc1 b6 13. Na4 Ne4 14. dxc5 bxc5 15. Nd2 Bg5 16. e3 d4 17. Nxe4 Bxe4 18. Bxe4 Rxe4 19. Rxc5 dxe3 20. Qxd8+ Bxd8 21. fxe3 Rxe3 22. Kf2 Re4 23. Kf3 Re6 24. Rfc1 Bf6 25. Bxf6 Rxf6+ 26. Kg2 Rd6 27. R1c2 Kf8 28. b4 a6 29. Nb6 Rb8 30. Rxc6 Rxb6 31. Rxd6 Rxd6 32. a4 Ke7 33. b5 axb5 34. axb5 Rb6 35. Rb2 Kd6 36. Kf3 Kc5 37. Ke4 h6 38. g4 Re6+ 39. Kf3 Kb6 40. Kf4 g6 41. Rb3 f5 42. gxf5 Rf6 43. Ke5 Rxf5+ 44. Ke6 Rg5 45. Kf6 Rg2 46. Rb4 Rg3 47. h4 h5 48. Re4 Kxb5 49. Re5+ Kc4 50. Rg5 1/2-1/2

[Event "Montreal op"]
[Site "Montreal CAN"]
[Date "1988.09.03"]
[Round "2"]
[White "Andrade, Oscar"]
[Black "Charest, Johanne"]
[Result "1/2-1/2"]
[WhiteElo "1443"]
[BlackElo "1355"]
[PlyCount "56"]
[GameId "2160767912520394"]
[EventDate "1988.09.03"]
[EventType "swiss"]
[EventRounds "6"]
[EventCountry "CAN"]
[SourceTitle "EXT 2022"]
[Source "ChessBase"]
[SourceDate "2021.10.06"]
[SourceVersion "1"]
[SourceVersionDate "2021.10.06"]
[SourceQuality "1"]

1. e4 e5 2. Nc3 Bc5 3. Bc4 Nf6 4. d3 Nc6 5. Nge2 Ng4 6. O-O Qh4 7. h3 Bxf2+ 8. Kh1 d6 9. Ng1 Nd4 10. Nce2 c6 11. Nxd4 exd4 12. Qf3 O-O 13. g3 Bxg3 14. Bf4 Nf2+ 15. Rxf2 Bxf2 16. Bxd6 Bd7 17. Kg2 Be3 18. Rf1 Qh6 19. Bxf8 Rxf8 20. Ne2 Qg5+ 21. Ng3 Qh4 22. Nf5 Qg5+ 23. Ng3 Qh4 24. Ne2 Qg5+ 25. Ng3 Qh4 26. Rh1 a5 27. a4 Kh8 28. Nf1 Qg5+ 1/2-1/2

[Event "Montreal op"]
[Site "Montreal CAN"]
[Date "1988.09.03"]
[Round "2"]
[White "Bolduc, Steve"]
[Black "Maurer, Serge"]
[Result "1-0"]
[WhiteElo "2121"]
[BlackElo "1847"]
[PlyCount "85"]
[GameId "2160767912520395"]
[EventDate "1988.09.03"]
[EventType "swiss"]
[EventRounds "6"]
[EventCountry "CAN"]
[SourceTitle "hb 2011"]

1. e4 e5 2. Bc4 Nf6 3. d3 Nc6 4. Nf3 Be7 5. c3 O-O 6. O-O d6 7. Re1 Na5 8. Nbd2 Nxc4 9. dxc4 h6 10. Nf1 Be6 11. b3 Re8 12. Ng3 Nd7 13. Be3 Bg5 14. Nxg5 hxg5 15. Qd3 Nf8 16. Nf1 Qe7 17. f3 b6 18. b4 Red8 19. Qe2 Ng6 20. g3 f6 21. a4 Qf7 22. Nd2 c5 23. a5 cxb4 24. cxb4 bxa5 25. Rxa5 Rdc8 26. Rc1 Qb7 27. b5 d5 28. Ra6 Nf8 29. c5 d4 30. c6 Qe7 31. Bf2 Nd7 32. Qd3 Kf7 33. Qa3 Qxa3 34. Rxa3 Nb6 35. Ra6 Rcb8 36. Rca1 Nc8 37. R1a5 Rb6 38. Nb1 Rab8 39. Na3 Rxa6 40. Rxa6 Ke7 41. Be1 Kf7 42. Ba5 Ke7 43. Bc7 1-0

[Event "Montreal op"]
[Site "Montreal CAN"]
[Date "1988.09.03"]
[Round "2"]
[White "Morin, Louis"]
[Black "Hetu, Sylvain"]
[Result "0-1"]
[WhiteElo "2016"]
[BlackElo "1457"]
[PlyCount "126"]
[GameId "2160767912520396"]
[EventDate "1988.09.03"]
[EventType "swiss"]
[EventRounds "6"]
[EventCountry "CAN"]
[SourceTitle "hb 2013"]

1. e4 e6 2. d4 d5 3. e5 c5 4. Qg4 cxd4 5. Nf3 Nc6 6. Bd3 Qc7 7. O-O Nxe5 8. Nxe5 Qxe5 9. Bf4 Qf6 10. Bg5 Qe5 11. Bf4 Qf6 12. Re1 Qe7 13. Be5 h5 14. Qxd4 f6 15. Bg3 Qc5 16. c3 Qxd4 17. cxd4 h4 18. Bc7 Kd7 19. Ba5 Bd6 20. Bb5+ Ke7 21. Nc3 Kf7 22. Nxd5 Rh5 23. Nc3 b6 24. Ne4 Bxh2+ 25. Kxh2 bxa5 26. Rac1 Ne7 27. Nd6+ Kf8 28. Bc4 e5 29. Be2 Rg5 30. Bf3 Rb8 31. Nxc8 Rxc8 32. Rxc8+ Nxc8 33. dxe5 Rxe5 34. Rxe5 fxe5 35. Kh3 Ke7 36. Kxh4 Kf6 37. Be4 Nd6 38. f3 Nc4 39. b3 Ne3 40. g4 g5+ 41. Kg3 Nd1 42. a3 Nc3 43. Kf2 Ke6 44. b4 axb4 45. axb4 Na2 46. b5 Nc3 47. Bd3 Nd5 48. Bc4 Kd6 49. Bxd5 Kxd5 50. Ke3 Kc5 51. Ke4 Kxb5 52. Kxe5 a5 53. f4 a4 54. f5 a3 55. f6 a2 56. f7 a1=Q+ 57. Ke6 Qg7 58. Ke7 Qe5+ 59. Kf8 Kc6 60. Kg8 Qe6 61. Kg7 Qe7 62. Kg8 Kd5 63. Kh8 Ke5 0-1

[Event "Montreal op"]
[Site "Montreal CAN"]
[Date "1988.09.03"]
[Round "2"]
[White "Savage, Philippe"]
[Black "Clement, Michel"]
[Result "0-1"]
[WhiteElo "1763"]
[BlackElo "1875"]
[PlyCount "64"]
[GameId "2160767912520397"]
[EventDate "1988.09.03"]
[EventType "swiss"]
[EventRounds "6"]
[EventCountry "CAN"]
[SourceTitle "hb 2009.06"]

1. c4 f5 2. Nc3 Nf6 3. g3 e6 4. Bg2 Bb4 5. Qc2 O-O 6. e3 Bxc3 7. bxc3 c5 8. Ne2 Nc6 9. O-O d6 10. a4 Qc7 11. d3 Rb8 12. Bd2 b6 13. Rfc1 Bb7 14. Nf4 Rbe8 15. Rf1 g5 16. Ne2 Ne5 17. f3 g4 18. f4 Bxg2 19. Kxg2 Qb7+ 20. Kf2 Nf3 21. Rh1 Re7 22. Raf1 Rfe8 23. Bc1 d5 24. cxd5 exd5 25. Ng1 d4 26. Nxf3 dxe3+ 27. Ke1 gxf3 28. Qb3+ Kf8 29. d4 Ng4 30. d5 Nf2 31. Rxf2 exf2+ 32. Kxf2 Re2+ 0-1

[Event "Montreal op"]
[Site "Montreal CAN"]
[Date "1988.09.04"]
[Round "3"]
[White "Barbeau, Sylvain"]
[Black "Bolduc, Steve"]
[Result "0-1"]
[WhiteElo "2358"]
[BlackElo "2121"]
[PlyCount "62"]
[GameId "2160767912520399"]
[EventDate "1988.09.03"]
[EventType "swiss"]
[EventRounds "6"]
[EventCountry "CAN"]
[SourceTitle "hb 2011"]

1. d4 Nf6 2. c4 c5 3. d5 e6 4. Nc3 exd5 5. cxd5 d6 6. e4 g6 7. f4 Bg7 8. Bb5+ Nbd7 9. e5 dxe5 10. fxe5 Nh5 11. e6 Qh4+ 12. g3 Nxg3 13. hxg3 Qxh1 14. exd7+ Bxd7 15. Qe2+ Kf8 16. Be3 Re8 17. Bxd7 Rxe3 18. Qxe3 Bd4 19. Kd2 Bxe3+ 20. Kxe3 Ke7 21. Ba4 a6 22. Rd1 b5 23. Bc2 f5 24. Nf3 Qg2 25. Rd2 Qxg3 26. Ne2 Qd6 27. Nf4 Kf6 28. Ne6 h5 29. Nh4 Qg3+ 30. Nf3 h4 31. Rh2 Qd6 0-1

[Event "Montreal op"]
[Site "Montreal CAN"]
[Date "1988.09.04"]
[Round "3"]
[White "Charest, Johanne"]
[Black "Gauthier, Pierre"]
[Result "0-1"]
[WhiteElo "1355"]
[BlackElo "1382"]
[PlyCount "108"]
[GameId "2160767912520400"]
[EventDate "1988.09.03"]
[EventType "swiss"]
[EventRounds "6"]
[EventCountry "CAN"]
[SourceTitle "EXT 2022"]
[Source "ChessBase"]
[SourceDate "2021.10.06"]
[SourceVersion "1"]
[SourceVersionDate "2021.10.06"]
[SourceQuality "1"]

1. e4 e5 2. Nf3 Nc6 3. Bc4 Nf6 4. Ng5 d5 5. exd5 Na5 6. Bb5+ c6 7. dxc6 bxc6 8. Ba4 h6 9. Nf3 e4 10. Ng1 Bc5 11. Nc3 Bxf2+ 12. Kxf2 Ng4+ 13. Ke1 Qb6 14. Qe2 O-O 15. h3 Nf6 16. b3 Ba6 17. Qe3 Qc7 18. Ba3 Rfd8 19. Kd1 Qd7 20. Nge2 Bxe2+ 21. Qxe2 Qd4 22. Kc1 Nd5 23. Qxe4 Nxc3 24. Qxd4 Ne2+ 25. Kb2 Nxd4 26. Rad1 Rab8 27. c3 Nc4+ 28. Kc1 Ne2+ 29. Kc2 Nxa3+ 30. Kb2 Nc4+ 31. Kc2 Na3+ 32. Kb2 Nb5 33. c4 Nbd4 34. a3 c5 35. g4 Nxb3 36. Bxb3 Nd4 37. h4 Rxb3+ 38. Ka2 Rdb8 39. Rb1 Rxb1 40. Rxb1 Rxb1 41. Kxb1 a5 42. Kb2 Kf8 43. Kc3 Ke7 44. Kd3 Ke6 45. Ke4 g6 46. d3 Kd6 47. a4 Ke6 48. Kf4 f6 49. Ke4 Nc6 50. Kf4 g5+ 51. hxg5 hxg5+ 52. Ke4 Nd4 53. Ke3 Ke5 54. Kf2 Kf4 0-1

[Event "Montreal op"]
[Site "Montreal CAN"]
[Date "1988.09.04"]
[Round "3"]
[White "Clement, Michel"]
[Black "Dufort, Michel"]
[Result "0-1"]
[WhiteElo "1875"]
[BlackElo "1569"]
[PlyCount "56"]
[GameId "2160767912520401"]
[EventDate "1988.09.03"]
[EventType "swiss"]
[EventRounds "6"]
[EventCountry "CAN"]
[SourceTitle "hb 2009.06"]

1. f4 d5 2. e3 Nf6 3. Nf3 Bg4 4. b3 Nbd7 5. Bb2 e6 6. Be2 Bd6 7. Ne5 Bxe2 8. Qxe2 Qe7 9. O-O O-O-O 10. a4 Rhg8 11. d3 g5 12. Nd2 g4 13. e4 dxe4 14. Nxe4 Nxe4 15. Qxe4 Nf6 16. Qe2 Bc5+ 17. Kh1 h5 18. c3 g3 19. d4 Bd6 20. h3 Ng4 21. Nd3 Qh4 22. c4 Nh2 23. Rfc1 Bxf4 24. Nxf4 Qxf4 25. Qxh5 Qf2 26. Bc3 Rh8 27. Qd1 Rxh3 28. gxh3 Nf3 0-1

[Event "Montreal op"]
[Site "Montreal CAN"]
[Date "1988.09.04"]
[Round "3"]
[White "Villeneuve, Robert"]
[Black "Zalys, Ignas"]
[Result "1-0"]
[WhiteElo "1830"]
[BlackElo "1910"]
[PlyCount "79"]
[GameId "2160767912520402"]
[EventDate "1988.09.03"]
[EventType "swiss"]
[EventRounds "6"]
[EventCountry "CAN"]
[SourceTitle "EXT 2022"]
[Source "ChessBase"]
[SourceDate "2021.10.06"]
[SourceVersion "1"]
[SourceVersionDate "2021.10.06"]
[SourceQuality "1"]

1. e4 c6 2. d3 d5 3. Nd2 dxe4 4. dxe4 g6 5. Ngf3 Bg7 6. Bc4 e6 7. O-O Ne7 8. Qe2 b5 9. Bb3 a5 10. a4 Ba6 11. Rd1 Qc7 12. Qe3 Nd7 13. c3 O-O 14. Ng5 e5 15. Ndf3 Nf6 16. Nxf7 Rxf7 17. Ng5 Raf8 18. Bxf7+ Rxf7 19. Nxf7 Kxf7 20. Qd3 Qb7 21. Qd8 b4 22. Bg5 Qc8 23. Qxa5 bxc3 24. bxc3 c5 25. f3 h6 26. Be3 c4 27. Rd6 Bb7 28. Rad1 Nc6 29. Qb6 Bf8 30. R6d2 g5 31. a5 g4 32. f4 Nxe4 33. Rd7+ Kg8 34. Rxb7 exf4 35. Rc7 Qf5 36. Qxc6 fxe3 37. Qxc4+ Kh8 38. Qd4+ Kg8 39. Qxe3 Qxa5 40. Rc8 1-0

[Event "Montreal op"]
[Site "Montreal CAN"]
[Date "1988.09.04"]
[Round "4"]
[White "Bolduc, Steve"]
[Black "Spraggett, Grant"]
[Result "1/2-1/2"]
[WhiteElo "2121"]
[BlackElo "2288"]
[PlyCount "64"]
[GameId "2160767912520403"]
[EventDate "1988.09.03"]
[EventType "swiss"]
[EventRounds "6"]
[EventCountry "CAN"]
[SourceTitle "hb 2011"]

1. e4 e5 2. Bc4 d6 3. Nf3 Bg4 4. c3 c6 5. d4 Qc7 6. Nbd2 Nf6 7. Qe2 Nbd7 8. h3 Bh5 9. Nf1 O-O-O 10. Ng3 Bxf3 11. Qxf3 exd4 12. cxd4 d5 13. exd5 Nb6 14. Bd3 Bb4+ 15. Kf1 Nbxd5 16. a3 Ba5 17. Ne2 Bb6 18. Bd2 Kb8 19. g3 Rd6 20. Kg2 Ne8 21. Bc4 Qd7 22. b4 Rf6 23. Qg4 Qxg4 24. hxg4 Rd6 25. g5 f6 26. Rad1 fxg5 27. Bxg5 Nef6 28. Rd3 Ne4 29. Bf4 Nxf4+ 30. Nxf4 h6 31. f3 Nf6 32. d5 cxd5 1/2-1/2

[Event "Montreal op"]
[Site "Montreal CAN"]
[Date "1988.09.04"]
[Round "4"]
[White "Dupuis, Erik"]
[Black "Charest, Johanne"]
[Result "0-1"]
[WhiteElo "1244"]
[BlackElo "1355"]
[PlyCount "128"]
[GameId "2160767912520404"]
[EventDate "1988.09.03"]
[EventType "swiss"]
[EventRounds "6"]
[EventCountry "CAN"]
[SourceTitle "EXT 2022"]
[Source "ChessBase"]
[SourceDate "2021.10.06"]
[SourceVersion "1"]
[SourceVersionDate "2021.10.06"]
[SourceQuality "1"]

1. e4 e5 2. Nf3 Nc6 3. c4 Nf6 4. Nc3 Bc5 5. h3 d6 6. g3 h6 7. Bg2 Be6 8. d3 Qd7 9. b3 a6 10. Bb2 Bb4 11. Qe2 Nd4 12. Qd2 Nxf3+ 13. Bxf3 Bxh3 14. O-O-O Be6 15. Qe2 b5 16. Kb1 bxc4 17. dxc4 a5 18. Nd5 Bxd5 19. exd5 a4 20. Bg2 axb3 21. axb3 Qc8 22. Kc2 Ra2 23. Ra1 Qf5+ 24. Kc1 Rxa1+ 25. Bxa1 Ke7 26. f4 Ra8 27. Bb2 Ra2 28. Bh3 Qe4 29. Qxe4 Nxe4 30. Bf5 Nf2 31. Rh2 Bc5 32. Bb1 Ra8 33. fxe5 Ng4 34. Re2 dxe5 35. Bxe5 Nxe5 36. Rxe5+ Kd6 37. Rh5 Re8 38. Rh3 Re1+ 39. Kc2 Re2+ 40. Kd3 Re3+ 41. Kc2 Bb4 42. Ba2 Be1 43. Rh1 Bxg3 44. Kb2 Be5+ 45. Ka3 Bc3 46. Rd1 Re8 47. b4 Rb8 48. Rb1 g5 49. c5+ Kd7 50. b5 Bd4 51. Kb4 h5 52. Rf1 f6 53. Bb1 Re8 54. Bf5+ Kd8 55. Be6 g4 56. Rh1 g3 57. Bh3 Rg8 58. Bg2 Rg5 59. Kc4 Bf2 60. Rh4 Be3 61. c6 Ke7 62. Kd3 Bf2 63. Ke2 Re5+ 64. Kf1 Re1# 0-1

[Event "Montreal op"]
[Site "Montreal CAN"]
[Date "1988.09.04"]
[Round "4"]
[White "Gaudreau, Alain"]
[Black "Clement, Michel"]
[Result "1/2-1/2"]
[WhiteElo "1775"]
[BlackElo "1875"]
[PlyCount "61"]
[GameId "2160767912520405"]
[EventDate "1988.09.03"]
[EventType "swiss"]
[EventRounds "6"]
[EventCountry "CAN"]
[SourceTitle "hb 2009.06"]

1. e4 c5 2. Nf3 Nf6 3. Nc3 d5 4. exd5 Nxd5 5. Nxd5 Qxd5 6. b3 Bg4 7. Be2 e5 8. O-O Nc6 9. Bb2 f6 10. h3 Bh5 11. Nh4 Bxe2 12. Qxe2 O-O-O 13. Rfd1 g5 14. Nf5 h5 15. d3 Nd4 16. Bxd4 exd4 17. Qe4 Qxe4 18. dxe4 Rh7 19. Rd3 Rhd7 20. Rad1 Kc7 21. f3 Bd6 22. g3 Be5 23. Kg2 b5 24. Rb1 Rb8 25. Rf1 Rb6 26. f4 gxf4 27. gxf4 Bd6 28. Ng3 Rg7 29. Kf3 Rh7 30. Nf5 Ra6 31. Ra1 1/2-1/2

[Event "Montreal op"]
[Site "Montreal CAN"]
[Date "1988.09.04"]
[Round "4"]
[White "Zalys, Ignas"]
[Black "Abreu Cordero, Jose"]
[Result "1-0"]
[WhiteElo "1910"]
[BlackElo "1825"]
[PlyCount "21"]
[GameId "2160767912520406"]
[EventDate "1988.09.03"]
[EventType "swiss"]
[EventRounds "6"]
[EventCountry "CAN"]
[SourceTitle "EXT 2022"]
[Source "ChessBase"]
[SourceDate "2021.10.06"]
[SourceVersion "1"]
[SourceVersionDate "2021.10.06"]
[SourceQuality "1"]

1. e4 e5 2. Nf3 Nf6 3. Nxe5 Qe7 4. d4 d6 5. Nf3 Nxe4 6. Be2 g6 7. O-O Bg7 8. Nbd2 O-O 9. Nxe4 Qxe4 10. Bd3 Qh4 11. Nxh4 1-0

[Event "Montreal op"]
[Site "Montreal CAN"]
[Date "1988.09.05"]
[Round "5"]
[White "Berube, Richard"]
[Black "Bergeron, Steeve"]
[Result "1-0"]
[WhiteElo "2170"]
[BlackElo "1883"]
[PlyCount "131"]
[GameId "2160767912520407"]
[EventDate "1988.09.03"]
[EventType "swiss"]
[EventRounds "6"]
[EventCountry "CAN"]
[SourceTitle "hb 2012"]

1. e4 e5 2. Nf3 Nc6 3. Bb5 a6 4. Ba4 Nf6 5. O-O Be7 6. Re1 b5 7. Bb3 d6 8. c3 O-O 9. h3 Na5 10. Bc2 c5 11. d4 Qc7 12. Nbd2 cxd4 13. cxd4 Nc6 14. Nb3 Nb4 15. Bb1 a5 16. a3 Na6 17. Be3 a4 18. Nbd2 Bd7 19. Bd3 Rac8 20. Rc1 Qxc1 21. Qxc1 Rxc1 22. Rxc1 exd4 23. Nxd4 Nc5 24. Bxb5 Bxb5 25. Nxb5 Nfxe4 26. Nxe4 Nxe4 27. f3 Rb8 28. Na7 Nf6 29. Nc6 Rb7 30. Nxe7+ Rxe7 31. Bg5 h6 32. Bxf6 gxf6 33. Rc4 Re2 34. Rb4 Kg7 35. h4 Kg6 36. Kh2 f5 37. Rd4 Rxb2 38. Rxd6+ f6 39. Rd4 Re2 40. Rxa4 Ra2 41. Ra8 h5 42. f4 Ra1 43. a4 Ra3 44. a5 Ra4 45. a6 Kg7 46. a7 Ra3 47. Kg1 Ra2 48. Kf1 Ra4 49. Ke2 Ra3 50. Kd2 Ra4 51. Kc3 Ra5 52. Kb4 Ra1 53. Kc5 Ra6 54. Kb5 Ra1 55. Kb6 Rb1+ 56. Kc6 Ra1 57. Rc8 Rxa7 58. Rc7+ Rxc7+ 59. Kxc7 Kf7 60. Kd7 Kg6 61. Ke6 Kg7 62. Kxf5 Kf7 63. g3 Kg7 64. Ke6 Kg6 65. f5+ Kg7 66. Ke7 1-0

[Event "Montreal op"]
[Site "Montreal CAN"]
[Date "1988.09.05"]
[Round "5"]
[White "Boisseau, Lisanne"]
[Black "Charest, Johanne"]
[Result "0-1"]
[WhiteElo "1315"]
[BlackElo "1355"]
[PlyCount "44"]
[GameId "2160767912520408"]
[EventDate "1988.09.03"]
[EventType "swiss"]
[EventRounds "6"]
[EventCountry "CAN"]
[SourceTitle "EXT 2022"]
[Source "ChessBase"]
[SourceDate "2021.10.06"]
[SourceVersion "1"]
[SourceVersionDate "2021.10.06"]
[SourceQuality "1"]

1. e4 e5 2. Nf3 Nc6 3. Nc3 Bc5 4. Bb5 Nf6 5. O-O d6 6. Bxc6+ bxc6 7. d3 h6 8. d4 exd4 9. Nxd4 Bd7 10. Re1 O-O 11. e5 dxe5 12. Rxe5 Bg4 13. Qd3 Bxd4 14. Bxh6 Bxe5 15. Qe3 gxh6 16. Qxe5 Qd6 17. Qe3 Kg7 18. Re1 Rfe8 19. Qc1 Rxe1+ 20. Qxe1 Re8 21. Qc1 Qf4 22. Qf1 Qd2 0-1

[Event "Montreal op"]
[Site "Montreal CAN"]
[Date "1988.09.05"]
[Round "5"]
[White "Desforges, Jean"]
[Black "Clement, Michel"]
[Result "1-0"]
[WhiteElo "2106"]
[BlackElo "1875"]
[PlyCount "91"]
[GameId "2160767912520409"]
[EventDate "1988.09.03"]
[EventType "swiss"]
[EventRounds "6"]
[EventCountry "CAN"]
[SourceTitle "hb 2009.06"]

1. d4 f5 2. e4 fxe4 3. Nc3 Nf6 4. Bg5 c6 5. Bc4 d5 6. Bb3 Bf5 7. f3 Nbd7 8. fxe4 Nxe4 9. Nxe4 Bxe4 10. Nf3 Qa5+ 11. c3 Qb5 12. Kf2 e5 13. Re1 exd4 14. c4 Qb6 15. cxd5 Nc5 16. Qxd4 Nd3+ 17. Kf1 Qxd4 18. Nxd4 Nxe1 19. Rxe1 Kd7 20. Rxe4 Bc5 21. dxc6+ bxc6 22. Ba4 Bxd4 23. Rxd4+ Kc7 24. Rc4 Rhf8+ 25. Kg1 Rae8 26. Rxc6+ Kb7 27. Rc1 Re2 28. Rf1 Rxf1+ 29. Kxf1 Rxb2 30. Bb3 Kc6 31. h3 Kb5 32. Kg1 a5 33. Kh2 a4 34. Bg8 h6 35. Bf4 Re2 36. Bd6 g5 37. a3 Re3 38. Bb4 h5 39. Bf7 h4 40. Bh5 Kc4 41. Kg1 Re5 42. Kf2 Re4 43. Kf3 Re5 44. Bf7+ Kd3 45. Bg6+ Kc4 46. Kg4 1-0

[Event "Montreal op"]
[Site "Montreal CAN"]
[Date "1988.09.05"]
[Round "5"]
[White "Dupuis, Stephane"]
[Black "Bolduc, Steve"]
[Result "1/2-1/2"]
[WhiteElo "2029"]
[BlackElo "2121"]
[PlyCount "52"]
[GameId "2160767912520410"]
[EventDate "1988.09.03"]
[EventType "swiss"]
[EventRounds "6"]
[EventCountry "CAN"]
[SourceTitle "hb 2011"]

1. d4 Nf6 2. c4 e6 3. Nc3 d5 4. Bg5 c6 5. Nf3 h6 6. Bxf6 Qxf6 7. e3 Bd6 8. Be2 Qe7 9. O-O O-O 10. Rc1 Nd7 11. Qc2 a6 12. e4 dxc4 13. e5 Bb8 14. Bxc4 c5 15. Qe4 cxd4 16. Bd3 g6 17. Na4 Ra7 18. b4 b6 19. Qxd4 Rd8 20. Qe3 Qxb4 21. Rc4 Qf8 22. Rg4 Nxe5 23. Nxe5 Bxe5 24. Bxg6 Bg7 25. Nxb6 fxg6 26. Nxc8 Rb7 1/2-1/2

[Event "Montreal op"]
[Site "Montreal CAN"]
[Date "1988.09.05"]
[Round "5"]
[White "Grondin, Jean-Philippe"]
[Black "Zalys, Ignas"]
[Result "1/2-1/2"]
[WhiteElo "1750"]
[BlackElo "1910"]
[PlyCount "93"]
[GameId "2160767912520411"]
[EventDate "1988.09.03"]
[EventType "swiss"]
[EventRounds "6"]
[EventCountry "CAN"]
[SourceTitle "EXT 2022"]
[Source "ChessBase"]
[SourceDate "2021.10.06"]
[SourceVersion "1"]
[SourceVersionDate "2021.10.06"]
[SourceQuality "1"]

1. Nf3 e6 2. g3 f5 3. Bg2 Nf6 4. O-O Be7 5. c4 O-O 6. Nc3 d5 7. d3 c6 8. Qc2 a5 9. Rd1 Na6 10. a3 Bd7 11. b3 Be8 12. e4 Bh5 13. e5 Nd7 14. d4 Rc8 15. c5 b6 16. Qd3 Ndb8 17. cxb6 Qxb6 18. Na4 Qb5 19. Qe3 c5 20. dxc5 Bxf3 21. Qxf3 Nxc5 22. Nxc5 Rxc5 23. Bf1 Qb7 24. Be3 Rc3 25. b4 axb4 26. axb4 Qxb4 27. Rdb1 Rb3 28. Bd2 Rxf3 29. Bxb4 Bxb4 30. Rxb4 Nc6 31. Rb6 Rc3 32. Raa6 Nd4 33. Ra7 Nf3+ 34. Kg2 Nxe5 35. Rxe6 Nc6 36. Rd7 d4 37. Bb5 Rc8 38. Bxc6 R3xc6 39. Ree7 Rg6 40. Rxd4 Rf8 41. f3 h6 42. Rdd7 Kh7 43. h3 Kg8 44. h4 h5 45. Kf2 Kh7 46. Re5 Kh6 47. Rd3 1/2-1/2

[Event "Montreal op"]
[Site "Montreal CAN"]
[Date "1988.09.05"]
[Round "6"]
[White "Charest, Johanne"]
[Black "Tripp, Charles"]
[Result "1-0"]
[WhiteElo "1355"]
[BlackElo "1501"]
[PlyCount "75"]
[GameId "2160767912520412"]
[EventDate "1988.09.03"]
[EventType "swiss"]
[EventRounds "6"]
[EventCountry "CAN"]
[SourceTitle "EXT 2022"]
[Source "ChessBase"]
[SourceDate "2021.10.06"]
[SourceVersion "1"]
[SourceVersionDate "2021.10.06"]
[SourceQuality "1"]

1. e4 e6 2. d4 d5 3. e5 c5 4. c3 cxd4 5. cxd4 Qb6 6. Nc3 a6 7. Nf3 Nc6 8. a3 h5 9. h4 Bd7 10. Na4 Qa7 11. b4 Nge7 12. Be3 Nf5 13. Nc5 Bxc5 14. bxc5 Rb8 15. Be2 b5 16. g3 O-O 17. Ng5 f6 18. exf6 gxf6 19. Nh3 Nxe3 20. fxe3 Be8 21. Bxh5 Qg7 22. Kd2 Qh6 23. Qg4+ Kh8 24. Nf4 e5 25. Bxe8 Rfxe8 26. dxe5 fxe5 27. Nh3 Qg7 28. Ng5 Kg8 29. Rhf1 Rb7 30. Rf2 Qg6 31. Raf1 Nd8 32. h5 Qh6 33. Rf6 Qh8 34. Ne6+ Rg7 35. Rf8+ Rxf8 36. Rxf8+ Kh7 37. Rxh8+ Kxh8 38. Qxg7# 1-0

[Event "Montreal op"]
[Site "Montreal CAN"]
[Date "1988.09.05"]
[Round "6"]
[White "Zalys, Ignas"]
[Black "Gaudreau, Alain"]
[Result "1-0"]
[WhiteElo "1910"]
[BlackElo "1775"]
[PlyCount "111"]
[GameId "2160767912520414"]
[EventDate "1988.09.03"]
[EventType "swiss"]
[EventRounds "6"]
[EventCountry "CAN"]
[SourceTitle "EXT 2022"]
[Source "ChessBase"]
[SourceDate "2021.10.06"]
[SourceVersion "1"]
[SourceVersionDate "2021.10.06"]
[SourceQuality "1"]

1. e4 c5 2. c3 d6 3. d4 cxd4 4. cxd4 Nf6 5. Nc3 Nc6 6. Nf3 e6 7. Bd3 Be7 8. O-O O-O 9. h3 a6 10. Be3 b5 11. Rc1 Bb7 12. Bb1 Rc8 13. Nd2 Nd7 14. f4 f5 15. d5 exd5 16. Nxd5 Nf6 17. Bb6 Qd7 18. Nxe7+ Nxe7 19. Qb3+ Kh8 20. Qe3 fxe4 21. Qe2 d5 22. g4 Qd6 23. Bd4 Nc6 24. Bc5 Qe6 25. Bxf8 Rxf8 26. Nb3 Nd7 27. Qe3 Rc8 28. Rf2 Kg8 29. Rfc2 Kf7 30. a3 Ke7 31. Ba2 Kd8 32. Nd4 Nxd4 33. Rxc8+ Bxc8 34. Qxd4 Bb7 35. Qxg7 Qb6+ 36. Kg2 Qe3 37. Qh8+ Ke7 38. Qxh7+ Kd8 39. Qh4+ Ke8 40. Qh8+ Ke7 41. Qg7+ Kd8 42. Qc3 Qe2+ 43. Kg3 e3 44. Kh4 Qf2+ 45. Kg5 e2 46. Qc7+ Ke7 47. Qxb7 e1=Q 48. Rxe1+ Qxe1 49. Qxd5 Qe3 50. h4 Qb6 51. Qf7+ Kd8 52. Be6 Qc5+ 53. Bf5 Nf8 54. h5 a5 55. h6 b4 56. Qf6+ 1-0

[Event "New Brunswick Closed"]
[Site "New Brunswick CAN"]
[Date "1988.??.??"]
[Round "?"]
[White "Stephen, Corey"]
[Black "Bogle, Bill"]
[Result "1-0"]
[WhiteElo "2060"]
[BlackElo "2074"]
[PlyCount "93"]
[GameId "2160767912583421"]
[EventDate "1988.??.??"]
[EventType "tourn"]
[EventRounds "5"]
[EventCountry "CAN"]
[SourceTitle "CFC 1988.12"]

1. e4 e5 2. Nf3 Nc6 3. Bb5 a6 4. Ba4 Nf6 5. O-O Be7 6. Qe2 b5 7. Bb3 O-O 8. c3 d5 9. d3 dxe4 10. dxe4 Bg4 11. Rd1 Qc8 12. Nbd2 Na5 13. Bc2 c5 14. Nf1 Nc4 15. b3 Nd6 16. h3 Bxf3 17. Qxf3 c4 18. Ng3 Qc6 19. Bg5 h6 20. Bc1 Rac8 21. b4 Rfd8 22. a4 bxa4 23. Bxa4 Nb5 24. Rxd8+ Rxd8 25. Nf5 Bf8 26. Qg3 Kh7 27. Bc2 Rd3 28. Bxd3 cxd3 29. Qxd3 Qxc3 30. Qxc3 Nxc3 31. Bb2 Bxb4 32. Bxc3 Bxc3 33. Rxa6 Nxe4 34. Nd6 Nxd6 35. Rxd6 f6 36. Kf1 Kg6 37. Ke2 Bd4 38. Rd7 Bc5 39. h4 f5 40. Rd5 Bd4 41. h5+ Kg5 42. Rd7 g6 43. f4+ Kxh5 44. Rd5 Bc3 45. fxe5 Kg4 46. e6 Bb4 47. Rd4+ 1-0